الاتجاه العلمي والفلسفي عند ابن الهيثم

Bibliographic Details
Main Authors: ابراهيم، دولت عبد الرحيم (Author), عراقى، عاطف (Author, author ,)
Corporate Author: Jami'ah al-Qahirah
Format: Thesis Book
Language:Arabic
Subjects:

MARC

LEADER 00000cam a2200000 7i4500
001 0000075430
005 20191210093000.0
008 110717s1989 ua ara
040 |a UniSZA   |e rda 
050 0 0 |a Q143.A46   |b I27 1989 
090 0 0 |a Q143.A46   |b I27 1989 
100 1 |a ابراهيم، دولت عبد الرحيم ,   |e author 
241 1 3 |a al-Ittijah al-'ilmi wa al-falasafi 'ind Ibn al-Haitham 
245 1 2 |a الاتجاه العلمي والفلسفي عند ابن الهيثم   |c اعداد دولت عبد الرحيم ابراهيم؛ اشراف عاطف العراقى 
264 0 |a Qahirah :   |b Jami'ah al-Qahirah   |c 1989 
300 |a 410 leaves ;   |c 31 cm. 
336 |a text  |2 rdacontent 
337 |a unmediated  |2 rdamedia 
338 |a volume  |2 rdacarrier 
502 |a Thesis (Program Pascasarjana) - Jami'ah al-Qahirah, 1989 
504 |a Includes bibliographical references (leaves 378-410) 
600 1 0 |a Ibn al-Haitham ,   |d d965-1039 
610 2 0 |a Jami'ah al-Qahirah   |x Dissertations 
650 0 |a Dissertations, Academic 
650 0 |a Muslim philosophers 
650 0 |a Scientists   |x Islamic Empire 
700 1 |a عراقى، عاطف ,   |e author ,   |e author 
710 2 |a Jami'ah al-Qahirah 
999 |a 1000142486   |b Thesis   |c Reference   |e Gong Badak Campus